000 00738nam a2200229 i 4500
001 bgj
245 1 0 _aFestschrift Gottfried Weber :
_bzu seinem 70. Geburstag überreicht von Frankfurter Kollegen und Schülern /
_chrsg. von Heinz Otto Burger und Klaus von See.
260 _aBad Homburg V.D.H. :
_bVerlag Gehlen,
_c1967.
300 _a328 s. :
_bil. ;
_c24 cm.
490 1 _aFrankfurter Beiträge zur Germanistik
_vBd. 1
650 9 _aLiteratura
700 1 _aWEBER, Gottfried.
700 1 _aBURGER, Heinz Otto.
700 1 _aSEE, Klaus von.
830 _aFrankfurter Beiträge zur Germanistik
040 _cBPK
041 0 _ager
044 _aDEU
080 _a82
942 _cKS
008 s gw f |000 0 ger
999 _c50367
_d50367
856 _uhttp://koha.tu.koszalin.pl/cgi-bin/koha/opac-detail.pl?biblionumber=50367
_yKatalog online BPK